000 00791nam a2200253Ia 4500
003 GCL
005 20240530095604.0
008 140319s9999 xx 000 0 ara d
040 _aGCL /
_cGCL
082 0 4 _a364.131
_bا ح
100 1 _aابراهيم اللبيدى
245 1 0 _aالحماية الجنائية لامن الدولة /
_cابراهيم اللبيدى
250 _aالثانية
260 _a[S.N] :
_bد. ن ،
_c2006
300 _a358 ص ؛
_c32 سم
650 0 4 _aالارهاب
650 0 4 _aقانون العقوبات
650 0 4 _aالجرائم السياسية
650 0 4 _aالامن القومى
650 0 4 _aالجرائم الدولية
650 0 4 _aالارهاب الدولى
650 0 4 _aالقضاء العسكرى
942 _2ddc
_cBK
999 _c8624
_d8624